5 Biggest Cities That Start With A in Each State - Statistics

General Stats
  • This quiz has been taken 50 times
  • The average score is 69 of 239
Answer Stats
Hint Population City % Correct
Alaska 288,976 Anchorage
97%
Kentucky 2,506 Anchorage
97%
Georgia 67,224 Albany
90%
Kentucky 1,896 Albany
90%
New York 100,492 Albany
90%
Oregon 56,839 Albany
90%
Vermont 934 Albany
90%
Massachusetts 46,350 Arlington
90%
Tennessee 15,205 Arlington
90%
Texas 397,742 Arlington
90%
Vermont 2,598 Arlington
90%
Virginia 236,254 Arlington
90%
Washington 21,095 Arlington
90%
Georgia 505,268 Atlanta
90%
New Mexico 562,218 Albuquerque
87%
Texas 110,265 Allen
87%
Arkansas 3,915 Austin
85%
Minnesota 26,358 Austin
85%
Nevada 64 Austin
85%
Texas 979,539 Austin
85%
Maryland 40,720 Annapolis
82%
Pennsylvania 125,976 Allentown
79%
Colorado 394,432 Aurora
79%
Illinois 179,898 Aurora
79%
Missouri 7,397 Aurora
79%
Nebraska 4,664 Aurora
79%
New York 13,882 Aurora
79%
South Dakota 1,444 Aurora
79%
Utah 949 Aurora
79%
Ohio 189,247 Akron
77%
California 344,521 Anaheim
77%
Georgia 206,069 Augusta
77%
Kansas 9,216 Augusta
77%
Maine 19,077 Augusta
77%
Michigan 122,036 Ann Arbor
72%
Alabama 29,002 Athens
67%
Georgia 129,609 Athens
67%
Ohio 23,396 Athens
67%
Tennessee 14,471 Athens
67%
West Virginia 1,494 Athens
67%
Wisconsin 75,023 Appleton
62%
Indiana 5,155 Alexandria
59%
Kentucky 10,562 Alexandria
59%
Louisiana 44,060 Alexandria
59%
Virginia 156,976 Alexandria
59%
Idaho 2,564 Aberdeen
54%
Mississippi 4,890 Aberdeen
54%
New Jersey 19,332 Aberdeen
54%
South Dakota 28,189 Aberdeen
54%
Washington 17,088 Aberdeen
54%
Indiana 55,367 Anderson
51%
South Carolina 30,051 Anderson
51%
North Carolina 94,535 Asheville
51%
Alabama 80,594 Auburn
51%
Indiana 13,565 Auburn
51%
Kentucky 1,794 Auburn
51%
Maine 24,602 Auburn
51%
Nebraska 3,470 Auburn
51%
New Hampshire 6,119 Auburn
51%
New York 26,285 Auburn
51%
Washington 85,676 Auburn
51%
Oklahoma 16,575 Ada
49%
Iowa 21,495 Altoona
49%
Pennsylvania 43,196 Altoona
49%
Wisconsin 8,878 Altoona
49%
Iowa 67,669 Ames
49%
Connecticut 18,946 Avon
49%
Indiana 23,437 Avon
49%
Ohio 25,317 Avon
49%
Kansas 6,449 Abilene
44%
Texas 128,053 Abilene
44%
Texas 201,885 Amarillo
44%
Iowa 6,763 Atlantic
44%
New Jersey 38,632 Atlantic City
44%
Arizona 92,477 Avondale
44%
Louisiana 4,608 Avondale
44%
Nevada 736 Alamo
38%
Colorado 122,634 Arvada
38%
California 116,477 Antioch
36%
Massachusetts 38,182 Amherst
33%
New Hampshire 11,861 Amherst
33%
New York 130,546 Amherst
33%
Kentucky 21,295 Ashland
33%
Missouri 4,914 Ashland
33%
Montana 959 Ashland
33%
Nebraska 3,071 Ashland
33%
Oregon 21,259 Ashland
33%
Colorado 6,756 Aspen
33%
Minnesota 55,679 Apple Valley
31%
North Dakota 279 Apple Valley
31%
Utah 1,181 Apple Valley
31%
Arkansas 3,587 Alexander
28%
Georgia 66,855 Alpharetta
28%
New York 18,166 Amsterdam
28%
Iowa 72,615 Ankeny
28%
Alabama 21,271 Anniston
28%
Kansas 11,884 Arkansas City
28%
Oregon 10,109 Astoria
28%
South Carolina 3,485 Andrews
26%
North Dakota 392 Arthur
26%
North Dakota 599 Ashley
26%
Idaho 1,417 Ashton
26%
Louisiana 7,252 Addis
23%
Wyoming 469 Alta
23%
Montana 9,597 Anaconda
23%
Illinois 76,005 Arlington Heights
23%
California 77,238 Alameda
21%
Illinois 25,279 Alton
21%
New Hampshire 5,994 Alton
21%
Arizona 41,058 Apache Junction
21%
Arkansas 10,099 Arkadelphia
21%
Illinois 35,489 Addison
18%
Vermont 1,175 Addison
18%
West Virginia 1,038 Addison
18%
New Mexico 31,307 Alamogordo
18%
Michigan 26,540 Allendale
18%
Oregon 52,389 Aloha
18%
Connecticut 3,152 Andover
18%
Kansas 15,965 Andover
18%
Massachusetts 36,652 Andover
18%
Minnesota 33,035 Andover
18%
Vermont 616 Andover
18%
New Mexico 8,767 Anthony
18%
Florida 58,232 Apopka
18%
Missouri 3,045 Ava
18%
Alabama 22,813 Albertville
15%
Utah 37,109 American Fork
15%
Oklahoma 24,877 Ardmore
15%
Arizona 9,543 Arizona City
15%
Maryland 24,303 Arnold
15%
Missouri 20,956 Arnold
15%
New Jersey 15,295 Asbury Park
15%
Pennsylvania 58,664 Abington
13%
Michigan 20,395 Adrian
13%
South Carolina 32,521 Aiken
13%
Colorado 9,879 Alamosa
13%
California 81,022 Alhambra
13%
Oregon 19,927 Altamont
13%
North Carolina 70,630 Apex
13%
South Carolina 3,426 Arcadia
13%
Delaware 627 Arden
13%
Connecticut 4,226 Ashford
13%
Massachusetts 46,762 Attleboro
13%
Louisiana 11,003 Abbeville
10%
South Carolina 4,872 Abbeville
10%
Iowa 6,430 Adel
10%
Missouri 19,052 Affton
10%
Wyoming 2,908 Afton
10%
Nebraska 1,822 Albion
10%
Utah 10,392 Alpine
10%
Wyoming 1,222 Alpine
10%
Idaho 4,712 American Falls
10%
Idaho 19,064 Ammon
10%
North Carolina 27,580 Asheboro
10%
Kansas 10,785 Atchison
10%
Alabama 33,917 Alabaster
8%
Maine 3,125 Alfred
8%
Nebraska 8,075 Alliance
8%
Arkansas 5,906 Alma
8%
Florida 46,116 Altamonte Springs
8%
Indiana 9,408 Angola
8%
Virginia 46,026 Ashburn
8%
Florida 39,885 Aventura
8%
Virginia 8,330 Abingdon
5%
Massachusetts 28,539 Agawam
5%
Minnesota 18,330 Albert Lea
5%
Wisconsin 13,975 Allouez
5%
Oklahoma 4,982 Alva
5%
Washington 17,966 Anacortes
5%
Virginia 41,705 Annandale
5%
Minnesota 17,970 Anoka
5%
Wyoming 1,240 Arapahoe
5%
California 94,994 Arden-Arcade
5%
New Hampshire 7,267 Atkinson
5%
Michigan 25,105 Auburn Hills
5%
New Jersey 8,730 Audubon
5%
Ohio 25,752 Avon Lake
5%
Maine 2,721 Acton
3%
Hawaii 9,087 Aiea
3%
Alaska 694 Akutan
3%
Florida 92,449 Alafaya
3%
Montana 573 Alberton
3%
Vermont 1,832 Alburgh
3%
Tennessee 12,222 Alcoa
3%
West Virginia 1,383 Alderson
3%
Illinois 30,067 Algonquin
3%
Michigan 27,925 Allen Park
3%
New Hampshire 4,743 Allenstown
3%
Oklahoma 18,646 Altus
3%
Mississippi 6,500 Amory
3%
North Dakota 309 Anamoose
3%
Utah 701 Annabella
3%
Connecticut 19,033 Ansonia
3%
Arizona 22,584 Anthem
3%
Pennsylvania 16,018 Antrim
3%
Colorado 8,350 Applewood
3%
New Mexico 12,576 Artesia
3%
Arkansas 4,164 Ashdown
3%
Wisconsin 17,314 Ashwaubenon
3%
Tennessee 10,385 Atoka
3%
New Mexico 6,150 Aztec
3%
Montana 926 Absarokee
0%
New Jersey 9,170 Absecon
0%
Mississippi 1,792 Ackerman
0%
Maryland 17,395 Adelphi
0%
South Dakota 980 Agency Village
0%
Hawaii 8,452 Ahuimanu
0%
Hawaii 4,094 Ainaloa
0%
Alaska 736 Akiachak
0%
Alaska 864 Alakanuk
0%
North Carolina 16,762 Albemarie
0%
South Dakota 989 Alcester
0%
Mississippi 972 Alcorn State University
0%
Wyoming 355 Alpine Northeast
0%
West Virginia 1,749 Alum Creek
0%
Nevada 1,445 Amargosa Valley
0%
Oklahoma 5,572 Anadarko
0%
Hawaii 3,067 Anahola
0%
Alaska 2,243 Anchor Point
0%
North Carolina 13,927 Anderson Creek
0%
West Virginia 1,140 Ansted
0%
Wisconsin 8,069 Antigo
0%
Florida 33,355 Apollo Beach
0%
Louisiana 4,625 Arabi
0%
Maryland 22,507 Arbutus
0%
Delaware 213 Ardencroft
0%
Delaware 233 Ardentown
0%
North Dakota 584 Argusville
0%
Montana 812 Arlee
0%
Mississippi 1,859 Arnold Line
0%
Washington 14,073 Artondale
0%
Maine 4,418 Arundel
0%
Tennessee 5,424 Ashland City
0%
South Dakota 1,105 Ashland Heights
0%
Maryland 53,279 Aspen Hill
0%
Pennsylvania 16,738 Aston
0%
Ohio 30,164 Austintown
0%
Idaho 1,255 Avimor
0%
Arizona 6,277 Avra Valley
0%
No matching quizzes found
Score Distribution
Percent of People with Each Score
Percentile by Number Answered
Your Score History
You have not taken this quiz